Cabinet of Ronald Reagan - Statistics

General Stats
  • This quiz has been taken 13 times
  • The average score is 10 of 42
Answer Stats
Hint Answer % Correct
Sec. of State(1981-1982) Alexander Haig
100%
Sec. of Defense(1981-1987) Caspar Weinberger
89%
Sec. of Treasury(1981-1985) Donald Regan
67%
Sec. of State(1982-1989) George Shultz
67%
Sec. of Treasury(1985-1988) James Baker
56%
AG(1985-1988) Edwin Meese
44%
UN Ambass(1981-1985) Jeane Kirkpatrick
44%
Sec. of Trans(1983-1987) Elizabeth Dole
33%
Sec. of Treasury(1988-1989) Nicholas F. Brady
33%
Sec. of Edu(1985-1988) William Bennett
33%
AG(1981-1985) William F. Smith
33%
Central Intel.(1981-1987) William J. Casey
33%
OMB(1981-1985) David Stockman
22%
Sec. of Defense(1987-1989) Frank Carlucci
22%
Sec. of Interior(1981-1983) James G. Watt
22%
Sec. of Interior(1983-1985) William P. Clark Jr.
22%
Sec. of Labor(1987-1989) Ann Dore McLaughlin
11%
Sec. of Labor(1985-1987) Bill Brock
11%
US Trade Rep(1981-1985) Bill Brock
11%
US Trade Rep(1985-1989) Clayton Yeutter
11%
AG(1988-1989) Dick Thornburgh
11%
Sec. of Interior(1985-1989) Donald P. Hodel
11%
Sec. of Energy(1982-1985) Donald P. Hodel
11%
Sec. of Trans(1981-1983) Drew Lewis
11%
Sec. of Energy(1981-1982) James B. Edwards
11%
OMB(1985-1988) James C. Miller III
11%
Sec. of Trans(1987-1989) James H. Burnley IV
11%
OMB(1988-1989) Joe Wright
11%
Sec. of Agric.(1981-1986) John R. Block
11%
Sec. of Energy(1985-1989) John S. Herrington
11%
Sec. of Edu(1988-1989) Lauro Cavazos
11%
Sec. of Comm(1981-1987) Malcolm Baldrige Jr.
11%
Sec. of HHS(1983-1985) Margaret Heckler
11%
Sec. of HHS(1985-1989) Otis Bowen
11%
Sec. of Labor(1981-1985) Raymond J. Donovan
11%
Sec. of Agric.(1986-1989) Richard Lyng
11%
Sec. of HHS(1981-1983) Richard Schweiker
11%
Sec. of HUD(1981-1989) Samuel Pierce
11%
Sec. of Edu(1981-1984) Terrel Bell
11%
UN Ambass(1985-1989) Vernon A. Walters
11%
Central Intel.(1987-1989) William H. Webster
11%
Sec. of Comm(1987-1989) William Verity Jr.
11%
No matching quizzes found
Score Distribution
Percent of People with Each Score
Percentile by Number Answered
Your Score History
You have not taken this quiz